|
|
|
|
| LEADER |
00000nam0a2200000 4500 |
| 001 |
72142 |
| 005 |
20231031083153.0 |
| 035 |
|
|
|a (RuTPU)RU\TPU\book\76906
|
| 090 |
|
|
|a 72142
|
| 100 |
|
|
|a 20050108d1967 km y0rusy50 ca
|
| 101 |
0 |
|
|a rus
|
| 102 |
|
|
|a RU
|
| 105 |
|
|
|a a z 000zy
|
| 200 |
1 |
|
|a Рекомендации по инженерно-геологическим изысканиям и оценке территорий для промышленного и гражданского строительства в карстовых районах СССР
|f Производственный и научно-исследовательский институт по инженерным изысканиям в строительстве (ПНИИИС)
|
| 210 |
|
|
|a Москва
|c Госстрой СССР
|d 1967
|
| 215 |
|
|
|a 90 с.
|c ил.
|e 1 л. схем
|
| 610 |
1 |
|
|a рекомендации
|
| 610 |
1 |
|
|a инженерно-геологические работы
|
| 610 |
1 |
|
|a промышленное строительство
|
| 610 |
1 |
|
|a гражданское строительство
|
| 610 |
1 |
|
|a строительство
|
| 610 |
1 |
|
|a карстообразование
|
| 610 |
1 |
|
|a карстовые районы
|
| 675 |
|
|
|a 624.131
|v 3
|
| 712 |
0 |
2 |
|a Производственный и научно-исследовательский институт по инженерным изысканиям в строительстве (ПНИИИС)
|c (Москва)
|2 stltpush
|3 (RuTPU)RU\TPU\col\7464
|
| 801 |
|
1 |
|a RU
|b 63413507
|c 20050108
|g PSBO
|
| 801 |
|
2 |
|a RU
|b 63413507
|c 20180129
|g PSBO
|
| 942 |
|
|
|c BK
|